000 01113naa a2200277 c 4500
001 41041
003 ES-MaCES
005 20101209130600.0
008 101209n2010 sp t 000 | spa d
035 _aCES20100013813v
040 _aES-MaCES
_bspa
_cES-MaCES
100 1 _aGranados Rodríguez, Juan Fernando
_914030
245 1 4 _aLas obras de edificación en la Ley de Ordenación Urbanística de Andalucía
_b: presupuestos para su ejecución y particularidades en suelo urbanizable y no urbanizable
_cJuan Fernando Granados Rodríguez
500 _aResumen
650 4 _aComunidades Autónomas
_930768
650 4 _apolítica regional
_930779
650 4 _arégimen jurídico
_929894
650 4 _alegislación
_927153
650 4 _adesarrollo urbano
_928619
650 4 _aplanificación urbana
_928620
653 1 0 _aJurisprudencia
773 0 _tRevista de Derecho Urbanístico y Medio Ambiente
_gaño 44, n. 260 (sept.-oct. 2010){10603 R. 077944}; p. 149-164
_w(ES-MaCES)25608
_965604
902 _aART Artículo de revista
942 _2CES
_cAR
_h6.2.
999 _c41041
_d41041